Australia's Top Girl Names by State, 2025 - Statistics

General Stats
  • This quiz has been taken 41 times
  • The average score is 46 of 70
Answer Stats
ACT % Correct
8 Olivia
83%
4 Olivia
83%
7 Olivia
83%
3 Olivia
83%
6 Olivia
83%
4 Olivia
83%
4 Charlotte
80%
1 Charlotte
80%
1 Charlotte
80%
1 Charlotte
80%
1 Charlotte
80%
2 Charlotte
80%
6 Isabella
80%
5 Mia
77%
9 Mia
77%
9 Mia
77%
4 Mia
77%
7 Mia
77%
10 Sofia
77%
6 Sophia
77%
10 Sophia
77%
9 Amelia
73%
2 Amelia
73%
1 Amelia
73%
6 Amelia
73%
2 Amelia
73%
5 Amelia
73%
10 Ava
73%
8 Harper
73%
4 Harper
73%
6 Harper
73%
6 Isla
73%
3 Isla
73%
2 Isla
73%
2 Isla
73%
2 Isla
73%
5 Isla
73%
1 Isla
73%
5 Lily
73%
7 Lily
73%
9 Lily
73%
7 Lily
73%
6 Lily
73%
3 Grace
70%
3 Grace
70%
1 Evelyn
67%
5 Evelyn
67%
10 Daisy | Ruby
60%
8 Chloe
53%
2 Hazel
53%
9 Hazel
53%
3 Hazel
53%
5 Hazel
53%
3 Hazel
53%
3 Hazel
53%
8 Hazel
53%
8 Violet
53%
10 Violet
53%
4 Ruby
50%
8 Ruby
50%
7 Elsie
47%
5 Elsie
47%
7 Matilda
37%
7 Matilda
37%
9 Matilda
37%
9 Matilda
37%
10 Sienna
33%
8 Sienna
33%
10 Eleanor
27%
4 Eleanor
27%
No matching quizzes found
Score Distribution
Percent of People with Each Score
Percentile by Number Answered
Your Score History
You have not taken this quiz